La tumba de Antígona (Registro nro. 182793)

Detalles MARC
000 -ENCABEZADO
Número de control [NR] 00781nam a22002297a 4500
005 - FECHA Y HORA DE LA ÚLTIMA TRANSACCIÓN
control field 20160622092016.0
008 - DE LONGITUD FIJA DE DATOS DE ELEMENTOS - INFORMACIÓN GENERAL
Elementos de longitud fija [NR] 140114s2012 sp a frb 000 0 spa d
020 ## - NUMERO INTERNACIONAL NORMALIZADO PARA LIBROS [R]
Número Internacional Normalizado del libro [NR] 9788437630380
040 ## - FUENTE DE CATALOGACION [NR]
Agencia de catalogación original [NR] CO-BoUCM
Quien Cataloga
Quien Clasifica Diana Londoño
Idioma de catalogación [NR] spa
041 00 - CODIGO DE IDIOMA [R]
Código de idioma para texto/pista de sonido o título separado [R] Español
100 1# - ASIENTO PRINCIPAL--NOMBRE PERSONAL [NR]
Nombre personal [NR] Zambrano, María
ID Autoridad 53231
245 12 - MENCION DE TITULO [NR]
Título [NR] La tumba de Antígona
Mención de responsabilidad, etc. [NR] María Zambrano ; edición de Virginia Trueba Mira
260 ## - PUBLICACION, DISTRIBUCION, ETC. (PIE DE IMPRENTA) [R]
Lugar de publicación, distribución, etc. [R] Madrid (España)
Nombre del editor, distribuidor, etc. [R] Cátedra
Fecha de publicación, distribución, etc. [R] 2012
300 ## - DESCRIPCION FISICA [R]
Extensión [R] 285 páginas
Otros detalles físicos [NR] ilustraciones
490 0# - MENCION DE SERIE [R]
Mención de serie [R] Letras Hispánicas
Designación numérica/secuencial del volumen [NR] 708
650 #7 - ASIENTO SECUNDARIO DE MATERIA - TERMINO TEMATICO [R]
9 (RLIN) 25065
Término temático o nombre geográfico como elemento de entrada [NR] Teatro griego
650 #7 - ASIENTO SECUNDARIO DE MATERIA - TERMINO TEMATICO [R]
9 (RLIN) 76
Término temático o nombre geográfico como elemento de entrada [NR] Literatura griega
690 ## - ASUNTO AGREGADO LOCAL DE ENTRADA - TÉRMINO TEMÁTICO (OCLC, RLIN)
9 (RLIN) 42864
Acceso temático local Literatura griega
700 1# - ASIENTO SECUNDARIO - NOMBRE PERSONAL [R]
Nombre personal [NR] Trueba, Virginia
Término de relación [R] editor
9 (RLIN) 53236
942 ## - ELEMENTOS DE ENTRADA AGREGADOS (KOHA)
Tema principal Literatura
Tipo de ítem principal el descrito en 300a Libro
Edición 1
Parte restante de la signatura top. Z24t
Sistema de clasificación DEWEY
Clasificación 882.1
Título oculto en OPAC No
Existencias
Fecha de último préstamo Total préstamos Total Renewals Signatura topográfica Código de barras Última vez visto Ejemplar Costo de reposición Price effective from Tipo de ítem Perdido Sistema de clasificación Dañado No prestable Tipo de ítem específico Suprimido Ubicación habitual Ubicación actual Localización Fecha de creación Proveedor Forma de adquisición Costo
18/07/2025 2 1 882.1 Z24t 100139509 09/12/2025 Ej.1 26200.00 27/11/2013 Libro   DEWEY     Libro   Claustro Claustro 2do piso 27/11/2013 15 Compra 26200.00